Sólo má klarinet koncertní polka pro klarinet a klavír /

Hlavní autor: Charvát, Josef, 1884-1945
Další autoři: Macák, Bohumil, 1927-2007
Jazyk: Nelze použít, není lingvistický obsah
Vydáno: Praha : Panton, 1989
Vydání: 1. vyd.
Edice: Sóla a klavír
Fyzický popis: [2], 5 s.
Hudebniny Hudebniny
Uloženo v:
LEADER 00862ncm a22002532a 4500
001 001196395
003 CZ BrMZK
005 20120404133610.0
007 qu
008 120223s1989 xr |||||||||||||||||zxx d
040 |a BOA001  |b cze 
072 7 |a 788  |x Hudba pro dechové nástroje  |2 Konspekt  |9 9 
100 1 |a Charvát, Josef,  |d 1884-1945  |7 xx0006361  |4 cmp 
245 1 0 |a Sólo má klarinet  |h [hudebnina] :  |b koncertní polka pro klarinet a klavír /  |c Josef Charvát ; upravil Bohumil Macák 
250 |a 1. vyd. 
260 |a Praha :  |b Panton,  |c 1989 
300 |a [2], 5 s. 
490 1 |a Sóla a klavír ;  |v 23 
700 1 |a Macák, Bohumil,  |d 1927-2007  |7 jk01072729  |4 adp 
830 0 |a Sóla a klavír 
910 |a BOA001  |b Mus4-0956.716 
990 |a MU 
991 |b 201202 
996 6 |b 2619053420  |c Mus4-0956.716  |l MZK  |r Sklad / do 1 hodiny  |n 0  |w 001230033  |u 000010  |a 1  |e BOA001  |j MZK50  |s P